000 00347nam a2200133Ia 4500
005 20260328104308.0
008 260328s9999||||xx |||||||||||||| ||und||
100 _aEspinosa, Germán
245 0 _aLa mascara amorosa de la muerte /
_cGermán Espinosa
260 _bSuramericana
300 _a59 p.
650 _aCUENTOS cOLOMBIANOS
942 _cBK
999 _c10855
_d10855